000
00346nam a2200145Ia 4500
008
221030s9999 xx 000 0 und d
041
_a
English
082
_a
105.23
100
_a
A. G. Lyle
245
0
_a
Major Faults on Power Systems
_c
by A. G. Lyle
260
_b
Chapman & Hall
_a
London
_c
1952
300
_a
355
650
_a
EE
942
_c
BK
999
_c
11533
_d
11533